Members of Four-Member Bands - Statistics

General Stats
  • This quiz has been taken 90 times
    68 since last reset
  • The average score is 18 of 32
Answer Stats
Answer % Correct
Freddie {Mercury}
100%
John {Lennon}
100%
Paul {McCartney}
100%
Mick {Jagger}
98%
Ringo {Starr}
97%
George {Harrison}
94%
Robert {Plant}
92%
Brian {May}
90%
Jimmy {Page}
85%
Keith {Richards}
81%
John Paul {Jones}
66%
Roger {Taylor}
61%
Roger {Waters}
61%
Ronnie {Wood}
58%
David {Knopfler}
56%
Mark {Knopfler}
56%
John {Bonham}
55%
David {Gilmour}
53%
Charlie {Watts}
52%
Don {Henley}
50%
Glenn {Frey}
47%
John {Deacon}
45%
Joe {Walsh}
31%
Nick {Mason}
27%
Richard {Wright}
21%
Benny {Andersson}
19%
Björn {Ulvaeus}
19%
Timothy B {Schmit}
16%
Agnetha {Faltskog}
11%
Anni-Frid {Lyngstad}
8%
Pick {Withers}
6%
John {Illsley}
3%
No matching quizzes found
Score Distribution
Percent of People with Each Score
Percentile by Number Answered
Your Score History
You have not taken this quiz since the last reset